000 01139nam a22002297a 4500
003 OSt
005 20241121141138.0
008 241121b |||||||| |||| 00| 0 eng d
022 _20855-305-X
040 _cCentral University Library
050 _aKRX18
_b.A2S87 2009
110 _aRepublic of Ghana
245 _aThe Supreme Court of Ghana Law Reports 2009 SCGLR
_cConsulting Editor/Editor in Chief: Dr. S Y Bimpong-Buta, Assistant; Albert Adaare; Herbert A. Bruce-Thompson
260 _aAccra, Ghana
_bAdvanced Legal Publications
_c2009
300 _alxix, 812 pages
_c24 cm
500 _aCases determined by the Supreme Court of the Republic of Ghana
650 _2Law Reports
_xGhana
700 _aDr. S Y Bimpong-Buta, FGA, LLB (Ghana), LLM (Lond), LLD (Unisa), of Lincoln's Inn. Barrister and Solicitor of the Supreme Court of Ghana.
_eConsulting Editor/ Editor-in-Chief
700 _aAlbert Adaare, Bsc (Hons) Barrister and Solicitor of the Supreme Court of Ghana
_eAssistant Editor
700 _aHerbert A. Bruce-Thompson, BA (Hons) Barrister and Solicitor of the Supreme Court of Ghana
_eAssistant Editor
942 _2lcc
_cBK
_n0
999 _c1401
_d1401